| 000 | 00623nab a2200181Ia 4500 | ||
|---|---|---|---|
| 003 | ES-SlBCS | ||
| 005 | 20210601143433.0 | ||
| 008 | 140529s1994 xxu||||| |||| 00| 0 spa d | ||
| 041 | _aspa | ||
| 100 | 1 |
_aGauthier, Gilles _9176807 |
|
| 245 | 0 | 0 |
_aLa adaptación a los vidrios correctores _c Gilles Gauthier, J.-L. Vercher, G. Obrecht, John L. Semmlow |
| 650 | 0 | 4 |
_aVidrios _9286917 |
| 700 | 1 |
_aObrecht, G _9286918 |
|
| 700 | 1 |
_aSemmlow, John L. _9286919 |
|
| 700 | 1 |
_aVercher, J.-L _9286920 |
|
| 773 | 0 |
_tMundo Cientifico (Traducción de: la Recherche Scientifique) _gnº. 146, 1994, págs. 442-450 _wRev1669 |
|
| 942 | _cAR | ||
| 999 |
_c692237 _d692237 |
||